书目信息 |
| 题名: |
中国音乐学院全国美育教材
|
|
| 作者: | 王黎光 主编 | |
| 分册: | 第1册 | |
| 出版信息: | 北京 中国青年出版社 2019.12 |
|
| 页数: | 122页 | |
| 开本: | 26cm | |
| 丛书名: | ||
| 单 册: | ||
| 中图分类: | G623.203 | |
| 科图分类: | ||
| 主题词: | 中华文化--Zhong Hua Wen Hua--小学--教学参考资料 | |
| 电子资源: | ||
| ISBN: | 978-7-5153-2882-9 | |
| 000 | 00924nam0 2200229 450 | |
| 001 | 0103152704 | |
| 005 | 20201104104557.38 | |
| 010 | @a978-7-5153-2882-9@dCNY32.00 | |
| 100 | @a20191129d2019 em y0chiy0110 ea | |
| 101 | 0 | @achi |
| 102 | @aCN@b110000 | |
| 105 | @ay z 000yy | |
| 106 | @ar | |
| 200 | 1 | @a中国音乐学院全国美育教材@AZhong Guo Yin Le Xue Yuan Quan Guo Mei Yu Jiao Cai@e琴乐蒙学@h第1册@f王黎光主编 |
| 210 | @a北京@c中国青年出版社@d2019.12 | |
| 215 | @a122页@d26cm | |
| 330 | @a中国音乐学院美育教材是继社会艺术水平考级教材之后我社与中国音乐学院再次合作的教材项目。美育教材系列品种很多,有吟诵、古琴、舞蹈、声乐、小四弦等,随来稿陆续出版。本书是美育教材第一本,《琴乐蒙学·学生用书》配套的教师用书。 | |
| 606 | 0 | @a中华文化@AZhong Hua Wen Hua@x小学@j教学参考资料 |
| 690 | @aG623.203@v5 | |
| 701 | 0 | @a王黎光@AWang Li Guang@4主编 |
| 801 | 0 | @aCN@bBJSZM@c20201103 |
| 905 | @b1258236-40@dG623.203@e1098:1@f5 | |
| 中国音乐学院全国美育教材:琴乐蒙学.第1册/王黎光主编.-北京:中国青年出版社,2019.12 |
| 122页;26cm |
| ISBN 978-7-5153-2882-9:CNY32.00 |
| 中国音乐学院美育教材是继社会艺术水平考级教材之后我社与中国音乐学院再次合作的教材项目。美育教材系列品种很多,有吟诵、古琴、舞蹈、声乐、小四弦等,随来稿陆续出版。本书是美育教材第一本,《琴乐蒙学·学生用书》配套的教师用书。 |
| ● |
| 相关链接 |
|
|
|
|
正题名:中国音乐学院全国美育教材
索取号:G623.203/1098:1
 
预约/预借
| 序号 | 登录号 | 条形码 | 馆藏地/架位号 | 状态 | 备注 |
| 1 | 1258236 | 212582365 | 第一样本阅览室/ [索取号:G623.203/1098:1] | 在馆 | |
| 2 | 1258237 | 212582374 | 教育系资料室/ [索取号:G623.203/1098:1] | 在馆 | |
| 3 | 1258238 | 212582383 | 教育系资料室/ [索取号:G623.203/1098:1] | 在馆 | |
| 4 | 1258239 | 212582392 | 第四借阅区/ [索取号:G623.203/1098:1] | 在馆 | |
| 5 | 1258240 | 212582409 | 第四借阅区/ [索取号:G623.203/1098:1] | 在馆 |